| 000 | 00477nam a22001217a 4500 | ||
|---|---|---|---|
| 040 | _cHS | ||
| 082 | _a171 | ||
| 110 | _aAQUATIC ANIMAL HEALTH RESEARCH INSTITUTE (AAHRI) DEPARTMENT OF FISHERIES KASETSART UNIVERSISTY CAMPUS BANGKOK THAILAND | ||
| 245 | _aDiagnostic procedures for finfish diseases | ||
| 260 |
_aThailand _bAQUATIC ANIMAL HEALTH RESEARCH INSTITUTE (AAHRI) DEPARTMENT OF FISHERIES KASETSART UNIVERSISTY CAMPUS BANGKOK THAILAND _c1991 |
||
| 300 | _a60p; | ||
| 942 | _cEK | ||
| 999 |
_c8841 _d8841 |
||